header

Marriage as a relationship (Record no. 9766)

MARC details
000 -LEADER
fixed length control field 01482nam a2200349Ia 4500
001 - CONTROL NUMBER
control field ebr10022579
003 - CONTROL NUMBER IDENTIFIER
control field CaPaEBR
006 - FIXED-LENGTH DATA ELEMENTS--ADDITIONAL MATERIAL CHARACTERISTICS--GENERAL INFORMATION
fixed length control field m u
007 - PHYSICAL DESCRIPTION FIXED FIELD--GENERAL INFORMATION
fixed length control field cr cn|||||||||
008 - FIXED-LENGTH DATA ELEMENTS--GENERAL INFORMATION
fixed length control field 021022s2002 wiu sb 001 0 eng d
020 ## - INTERNATIONAL STANDARD BOOK NUMBER
Cancelled/invalid ISBN 0874626579 (pbk. : alk. paper)
040 ## - CATALOGING SOURCE
Original cataloging agency CaPaEBR
Transcribing agency CaPaEBR
035 ## - SYSTEM CONTROL NUMBER
System control number (OCoLC)614624083
050 14 - LIBRARY OF CONGRESS CALL NUMBER
Classification number BX2250
Item number .H62 2002eb
082 04 - DEWEY DECIMAL CLASSIFICATION NUMBER
Classification number 241/.63
Edition number 21
100 1# - MAIN ENTRY--PERSONAL NAME
Personal name Hogan, Margaret Monahan.
245 10 - TITLE STATEMENT
Title Marriage as a relationship
Medium [electronic resource] :
Remainder of title real and rational /
Statement of responsibility, etc Margaret Monahan Hogan ; afterword by Sidney Callahan.
250 ## - EDITION STATEMENT
Edition statement New ed., rev. and corrected.
260 ## - PUBLICATION, DISTRIBUTION, ETC. (IMPRINT)
Place of publication, distribution, etc Milwaukee, WI :
Name of publisher, distributor, etc Marquette University Press,
Date of publication, distribution, etc 2002.
300 ## - PHYSICAL DESCRIPTION
Extent 169 p.
490 1# - SERIES STATEMENT
Series statement Marquette studies in philosophy ;
Volume number/sequential designation #34
500 ## - GENERAL NOTE
General note Rev. ed. of: Finality and marriage. 1993.
504 ## - BIBLIOGRAPHY, ETC. NOTE
Bibliography, etc Includes bibliographical references and index.
533 ## - REPRODUCTION NOTE
Type of reproduction Electronic reproduction.
Place of reproduction Palo Alto, Calif. :
Agency responsible for reproduction ebrary,
Date of reproduction 2009.
Note about reproduction Available via World Wide Web.
-- Access may be limited to ebrary affiliated libraries.
610 20 - SUBJECT ADDED ENTRY--CORPORATE NAME
Corporate name or jurisdiction name as entry element Catholic Church
General subdivision Doctrines.
650 #0 - SUBJECT ADDED ENTRY--TOPICAL TERM
Topical term or geographic name as entry element Marriage
General subdivision Religious aspects
-- Catholic Church.
655 #7 - INDEX TERM--GENRE/FORM
Genre/form data or focus term Electronic books.
Source of term local
700 1# - ADDED ENTRY--PERSONAL NAME
Personal name Hogan, Margaret Monahan.
Title of a work Finality and marriage.
710 2# - ADDED ENTRY--CORPORATE NAME
Corporate name or jurisdiction name as entry element ebrary, Inc.
830 #0 - SERIES ADDED ENTRY--UNIFORM TITLE
Uniform title Marquette studies in philosophy ;
Volume number/sequential designation #34.
856 40 - ELECTRONIC LOCATION AND ACCESS
Uniform Resource Identifier <a href="http://site.ebrary.com/lib/rucke/Doc?id=10022579">http://site.ebrary.com/lib/rucke/Doc?id=10022579</a>
Public note An electronic book accessible through the World Wide Web; click to view

No items available.

© 2026 Rongo University
Contact us: librarian | system librarian | Rongo university